000 00383nam a22001571a 4500
020 _a9788126701414
082 _aH7
_bHAR/A
100 _aHarishankar Parsai
245 _aAwara bheed ke khatare/
_cby Harishankar Parsai
260 _aNew Delhi:
_bRajkamal,
_c1998,
300 _a173p.
650 _aSatires Hindi
650 _aLiterature Hindi
650 _aLiterature
942 _cBK
999 _c3760
_d3760